|
|
|
|
| LEADER |
00000nam0a2200000 4500 |
| 001 |
359633 |
| 005 |
20231101042753.0 |
| 035 |
|
|
|a (RuTPU)RU\TPU\retro\16913
|
| 090 |
|
|
|a 359633
|
| 100 |
|
|
|a 20201123d1974 m y0rusy50 ca
|
| 101 |
1 |
|
|a rus
|c rum
|
| 102 |
|
|
|a RU
|
| 105 |
|
|
|a y z 000gy
|
| 200 |
1 |
|
|a Из современной румынской поэзии
|e стихи
|e пер. с рум.
|f сост. К. Ковальджи и Ю. Кожевников
|
| 210 |
|
|
|a Москва
|c Прогресс
|d 1974
|
| 215 |
|
|
|a 296 с.
|
| 330 |
|
|
|a Сборник представляет четырёх румынских поэтов, почти ровесников, чьё творчество наиболее характерно для современного этапа в развитии румынской поэзии. Это Никита Стэнеску, Ана Бландиана, Ион Александру, Марин Сореску. Несмотря на различие индивидуальностей, их голоса наделены общими чертами: упоённой щедростью красок, густой метафоричностью, жадным жизнелюбием и пристальной пытливостью. Темы человека в мире и мира в человеке стали ведущими в творчестве молодых поэтов.
|
| 464 |
|
|
|a Александру, Ион
|
| 610 |
1 |
|
|a художественная литература
|
| 610 |
1 |
|
|a румынская литература
|
| 610 |
1 |
|
|a поэзия
|
| 610 |
1 |
|
|a 20 век
|
| 675 |
|
|
|a 89Д-7
|v 4
|
| 702 |
|
1 |
|a Ковальджи
|b К.
|4 220
|
| 702 |
|
1 |
|a Кожевников
|b Ю.
|4 220
|
| 801 |
|
1 |
|a RU
|b 63413507
|c 20201123
|
| 801 |
|
2 |
|a RU
|b 63413507
|c 20201210
|g RCR
|
| 942 |
|
|
|c BK
|